Практикум по основам технологии тугоплавких неметаллических и силикатным материалов: учебное пособие

Bibliografske podrobnosti
Glavni avtor: Вакалова Т. В. Татьяна Викторовна
Korporativna značnica: Национальный исследовательский Томский политехнический университет (ТПУ)
Drugi avtorji: Хабас Т. А. Тамара Андреевна, Ревва И. Б. Инна Борисовна
Izvleček:В пособии рассмотрены основные методы исследования сырьевых материалов, контроля технологических процессов и определения свойств готовых изделий в технологии керамики, огнеупоров, вяжущих веществ и стеклоизделий.Предназначено для студентов, обучающихся по направлению 240100 «Химическая технология», по специальности 250800 «Химическая технология тугоплавких неметаллических и силикатных материалов».
Jezik:ruščina
Izdano: Томск, Изд-во ТПУ, 2013
Izdaja:2-е изд., перераб. и доп.
Teme:
Format: Knjiga
KOHA link:https://koha.lib.tpu.ru/cgi-bin/koha/opac-detail.pl?biblionumber=302089

MARC

LEADER 00000nam0a2200000 4500
001 302089
005 20231220153853.0
035 |a (RuTPU)RU\TPU\book\327284 
090 |a 302089 
100 |a 20150819d2013 m y0rusy50 ca 
101 0 |a rus 
102 |a RU 
105 |a a j 001zy 
200 1 |a Практикум по основам технологии тугоплавких неметаллических и силикатным материалов  |e учебное пособие  |f Т. В. Вакалова, Т. А. Хабас, И. Б. Ревва  |g Национальный исследовательский Томский политехнический университет (ТПУ) 
205 |a 2-е изд., перераб. и доп. 
210 |a Томск  |c Изд-во ТПУ  |d 2013 
215 |a 176 с.  |c ил. 
320 |a Библиогр.: с. 172-173. 
330 |a В пособии рассмотрены основные методы исследования сырьевых материалов, контроля технологических процессов и определения свойств готовых изделий в технологии керамики, огнеупоров, вяжущих веществ и стеклоизделий.Предназначено для студентов, обучающихся по направлению 240100 «Химическая технология», по специальности 250800 «Химическая технология тугоплавких неметаллических и силикатных материалов». 
606 1 |a Тугоплавкие соединения  |x Физико-химические исследования  |2 stltpush  |3 (RuTPU)RU\TPU\subj\32859  |9 55270 
610 1 |a неметаллические материалы 
610 1 |a силикатные материалы 
610 1 |a полуфабрикаты 
610 1 |a готовые изделия 
610 1 |a пробы 
610 1 |a отбор 
610 1 |a дисперсионный анализ 
610 1 |a пористая структура 
610 1 |a определение 
610 1 |a прочностные свойства 
610 1 |a вяжущие материалы 
610 1 |a строительно-технические свойства 
610 1 |a контроль 
610 1 |a практикумы 
610 1 |a учебные пособия 
610 1 |a труды учёных ТПУ 
675 |a 661.88(076.5)  |v 3 
700 1 |a Вакалова  |b Т. В.  |c химик-технолог  |c профессор Томского политехнического университета, доктор технических наук  |f 1956-  |g Татьяна Викторовна  |3 (RuTPU)RU\TPU\pers\26197  |9 12005 
701 1 |a Хабас  |b Т. А.  |c химик  |c профессор Томского политехнического университета, доктор технических наук  |f 1949-  |g Тамара Андреевна  |3 (RuTPU)RU\TPU\pers\25651  |9 11562 
701 1 |a Ревва  |b И. Б.  |c химик-технолог  |c доцент Томского политехнического университета, кандидат технических наук  |f 1979-  |g Инна Борисовна  |3 (RuTPU)RU\TPU\pers\26547  |9 12236 
712 0 2 |a Национальный исследовательский Томский политехнический университет (ТПУ)  |c (2009- )  |3 (RuTPU)RU\TPU\col\15902 
801 1 |a RU  |b 63413507  |c 20150819 
801 2 |a RU  |b 63413507  |c 20150902  |g RCR 
942 |c BK